[Event "Wroclaw op-A 7th"]
[Site "Wroclaw"]
[Date "2012.07.07"]
[Round "6"]
[White "Piotrowski, Przemyslaw"]
[Black "Szymczak, Paula"]
[Result "1-0"]
[WhiteElo "1933"]
[BlackElo "1635"]
[PlyCount "47"]
[EventDate "2012.07.02"]
[EventType "swiss"]
[EventRounds "9"]
[EventCountry "POL"]
[SourceTitle "CBM 149 Extra"]
[Source "ChessBase"]
[SourceDate "2012.08.24"]
[SourceVersion "1"]
[SourceVersionDate "2012.08.24"]
[SourceQuality "1"]

1. e4 d6 2. d3 g6 3. Nd2 Bg7 4. g3 Nf6 5. Bg2 0-0 6. c3 Nbd7 7. f4 c5 8. Ngf3 e5 9. 0-0 Qc7 10. Nc4 Re8 11. Ne3 Rb8 12. f5 b5 13. g4 Nb6 14. g5 Nfd7 15. Ng4 Bb7 16. Nh4 c4 17. Nf6+ Nxf6 18. gxf6 Bf8 19. Qg4 Bc8 20. Qg5 Qd8 21. fxg6 h6 22. gxf7+ Kxf7 23. Qg6+ Ke6 24. Bh3# 1-0

[Event "Wroclaw op-A 7th"]
[Site "Wroclaw"]
[Date "2012.07.04"]
[Round "3"]
[White "Musialkiewicz, Jan"]
[Black "Szymczak, Paula"]
[Result "1-0"]
[WhiteElo "2189"]
[BlackElo "1635"]
[PlyCount "83"]
[EventDate "2012.07.02"]
[EventType "swiss"]
[EventRounds "9"]
[EventCountry "POL"]
[SourceTitle "CBM 149 Extra"]
[Source "ChessBase"]
[SourceDate "2012.08.24"]
[SourceVersion "1"]
[SourceVersionDate "2012.08.24"]
[SourceQuality "1"]

1. e4 e5 2. Nf3 Nc6 3. d4 exd4 4. Nxd4 Bc5 5. Nxc6 bxc6 6. Bd3 d6 7. Qf3 Be6 8. Nd2 Ne7 9. Nb3 Bb6 10. Bg5 h6 11. Bd2 Ng6 12. Qg3 Qd7 13. f4 Bxb3 14. axb3 Bd4 15. c3 Bf6 16. 0-0 h5 17. e5 h4 18. Qf2 dxe5 19. Bxg6 fxg6 20. fxe5 0-0 21. exf6 Rxf6 22. Qd4 Rd6 23. Qc4+ Kh7 24. Qxh4+ Kg8 25. Bf4 Rd5 26. Rae1 Rh5 27. Qg3 Rb8 28. Qxg6 Rd5 29. b4 Rd8 30. Bg5 Rf8 31. Rxf8+ Kxf8 32. Be7+ Kg8 33. Qe6+ Qxe6 34. Rxe6 Kf7 35. Re2 Rd1+ 36. Kf2 Rd3 37. Bc5 a6 38. Re7+ Kf6 39. Ke2 Rd5 40. Rxc7 Re5+ 41. Kf2 Re6 42. Bd4+ 1-0

[Event "Wroclaw op-A 7th"]
[Site "Wroclaw"]
[Date "2012.07.03"]
[Round "4"]
[White "Szymczak, Paula"]
[Black "Khamidov, Komil"]
[Result "0-1"]
[WhiteElo "1635"]
[BlackElo "2090"]
[PlyCount "116"]
[EventDate "2012.07.02"]
[EventType "swiss"]
[EventRounds "9"]
[EventCountry "POL"]
[SourceTitle "CBM 149 Extra"]
[Source "ChessBase"]
[SourceDate "2012.08.24"]
[SourceVersion "1"]
[SourceVersionDate "2012.08.24"]
[SourceQuality "1"]

1. e4 e5 2. Nf3 Nc6 3. Bb5 a6 4. Ba4 Nf6 5. 0-0 b5 6. Bb3 Bc5 7. c3 d6 8. d4 Bb6 9. h3 Bb7 10. Re1 h6 11. Be3 0-0 12. Nbd2 Re8 13. d5 Ne7 14. Nf1 Nd7 15. Ng3 Rf8 16. Qd3 Nc5 17. Qc2 Nxb3 18. axb3 Bxe3 19. Rxe3 f5 20. Nxf5 Nxf5 21. exf5 Bxd5 22. Rd1 Bb7 23. c4 Qf6 24. cxb5 Qxf5 25. Qxc7 Rf7 26. Qxd6 e4 27. Ne5 Qxf2+ 28. Kh1 Rf6 29. Qd4 h5 30. Nd7 Rg6 31. Rd2 Qf1+ 32. Kh2 axb5 33. Ne5 Rg5 34. Rg3 Rxg3 35. Kxg3 h4+ 36. Kxh4 Qf4+ 37. g4 Ra6 38. Qd8+ Kh7 39. Nf7 Qxf7 40. Rd7 Qf2+ 41. Kg5 Rg6+ 42. Kh5 Rh6+ 43. Kg5 Qh4+ 44. Kf4 Qxd8 45. Rxd8 Rxh3 46. Rb8 Rf3+ 47. Ke5 e3 48. Re8 e2 49. Kd4 Rf4+ 50. Kd3 Re4 51. Rxe4 Bxe4+ 52. Kxe2 Bc2 53. b4 Kg6 54. Ke3 Kg5 55. Kf3 Bd1+ 56. Ke3 Kxg4 57. Kd4 Kf3 58. Kc5 Be2 0-1

[Event "Marianske Lazne op 11th"]
[Site "Marianske Lazne"]
[Date "2012.01.21"]
[Round "1"]
[White "Szymczak, Paula"]
[Black "Hasenbank, Dirk"]
[Result "1/2-1/2"]
[WhiteElo "1665"]
[BlackElo "2010"]
[PlyCount "64"]
[EventDate "2012.01.21"]
[EventType "swiss"]
[EventRounds "9"]
[EventCountry "CZE"]
[SourceTitle "CBM 146 Extra"]
[Source "ChessBase"]
[SourceDate "2012.02.29"]
[SourceVersion "1"]
[SourceVersionDate "2012.02.29"]
[SourceQuality "1"]

1. e4 g6 2. d4 Bg7 3. Nf3 d6 4. Be3 Nf6 5. Bd3 0-0 6. h3 b5 7. Nc3 b4 8. Ne2 Nbd7 9. Qd2 c5 10. Bh6 Qc7 11. Bxg7 Kxg7 12. Ng3 h6 13. h4 Bb7 14. h5 Rh8 15. Nh4 e6 16. hxg6 fxg6 17. Nxg6 Kxg6 18. e5+ Kg7 19. exf6+ Nxf6 20. Rxh6 Rxh6 21. Qg5+ Kf7 22. Qxh6 Rg8 23. Nh5 Nxh5 24. Qxh5+ Kf8 25. dxc5 dxc5 26. Qh6+ Kf7 27. 0-0-0 Bd5 28. Qh5+ Kf8 29. Kb1 c4 30. Be2 Qf4 31. Bf3 Rg5 32. Qh6+ Ke7 1/2-1/2

[Event "POL-chT U19 42nd"]
[Site "Ustron"]
[Date "2011.??.??"]
[Round "7.18"]
[White "Czaplewska, Klara"]
[Black "Szymczak, Paula"]
[Result "1/2-1/2"]
[WhiteElo "1586"]
[BlackElo "1705"]
[PlyCount "59"]
[EventDate "2011.06.24"]
[EventType "team-tourn"]
[EventRounds "9"]
[EventCountry "POL"]
[SourceTitle "EXT 2015"]
[Source "ChessBase"]
[SourceDate "2014.11.20"]
[SourceVersion "1"]
[SourceVersionDate "2014.11.20"]
[SourceQuality "1"]
[WhiteTeam "Koszalin Hetman Politechnika U19"]
[BlackTeam "Skierniewice KS Piatka U19"]
[WhiteTeamCountry "POL"]
[BlackTeamCountry "POL"]

1. e4 c5 2. Nf3 a6 3. c4 d6 4. d4 Bg4 5. d5 e5 6. Be2 Nd7 7. h3 Bxf3 8. Bxf3 Be7 9. Nc3 Ngf6 10. 0-0 Nb6 11. Be2 Qd7 12. f4 exf4 13. Bxf4 Rg8 14. e5 dxe5 15. Bxe5 h5 16. d6 Bf8 17. Bxf6 gxf6 18. Bxh5 Qxh3 19. Qe2+ Kd7 20. Bxf7 Bxd6 21. Qf3 Qh2+ 22. Kf2 Qh4+ 23. Ke2 Rae8+ 24. Bxe8+ Rxe8+ 25. Kd1 Nxc4 26. Qxb7+ Kd8 27. Qa8+ Kd7 28. Qb7+ Kd8 29. Qa8+ Kd7 30. Qb7+ 1/2-1/2

[Event "Polanica Zdroj op-B 46th"]
[Site "Polanica Zdroj"]
[Date "2010.08.25"]
[Round "8"]
[White "Usatiuk, Igor"]
[Black "Szymczak, Paula"]
[Result "0-1"]
[WhiteElo "2036"]
[BlackElo "1659"]
[PlyCount "100"]
[EventDate "2010.08.18"]
[EventType "swiss"]
[EventRounds "9"]
[EventCountry "POL"]
[SourceTitle "CBM 138 Extra"]
[Source "ChessBase"]
[SourceDate "2010.10.29"]
[SourceVersion "1"]
[SourceVersionDate "2010.10.29"]
[SourceQuality "1"]

1. d4 g6 2. c4 Bg7 3. e4 d6 4. Nc3 Nf6 5. h3 0-0 6. Be3 e5 7. d5 Na6 8. Bd3 Nc5 9. Bc2 Bd7 10. b4 Na6 11. Rb1 Nh5 12. g3 Qe8 13. g4 Nf4 14. Kf1 f5 15. gxf5 gxf5 16. exf5 Bxf5 17. Bxf5 Rxf5 18. Nge2 Nxe2 19. Nxe2 Qf7 20. Qd2 Rf8 21. Ng3 Rf3 22. Kg2 Bh6 23. Rbf1 Bf4 24. Qe2 Bxg3 25. fxg3 e4 26. Bf4 Qf5 27. Rxf3 exf3+ 28. Kxf3 Nxb4 29. Qe6+ Qxe6 30. dxe6 Nc6 31. Re1 Re8 32. Re4 Nd8 33. e7 Nc6 34. Bg5 Ne5+ 35. Kf4 Ng6+ 36. Kf5 Kf7 37. g4 Nxe7+ 38. Rxe7+ Rxe7 39. Bxe7 Kxe7 40. g5 Kf7 41. h4 a6 42. a4 b6 43. h5 c6 44. g6+ hxg6+ 45. hxg6+ Kg7 46. Ke6 b5 47. cxb5 cxb5 48. axb5 axb5 49. Kd5 Kxg6 50. Kd4 Kf5 0-1

[Event "Polanica Zdroj op-B 46th"]
[Site "Polanica Zdroj"]
[Date "2010.08.18"]
[Round "1"]
[White "Dzieczkaniec, Wieslaw"]
[Black "Szymczak, Paula"]
[Result "1-0"]
[WhiteElo "1905"]
[BlackElo "1659"]
[PlyCount "75"]
[EventDate "2010.08.18"]
[EventType "swiss"]
[EventRounds "9"]
[EventCountry "POL"]
[SourceTitle "CBM 138 Extra"]
[Source "ChessBase"]
[SourceDate "2010.10.29"]
[SourceVersion "1"]
[SourceVersionDate "2010.10.29"]
[SourceQuality "1"]

1. e4 e5 2. Nf3 Nc6 3. d4 exd4 4. Nxd4 Bc5 5. Nxc6 Qf6 6. Qf3 Qxc6 7. Nc3 Nf6 8. Bg5 Bd4 9. Bxf6 Bxf6 10. Qe3 Bxc3+ 11. bxc3 0-0 12. c4 Re8 13. Bd3 f5 14. f3 fxe4 15. Bxe4 Qf6 16. 0-0 d6 17. Rfe1 Bd7 18. Qd3 g6 19. Bxb7 Rab8 20. Bd5+ Kg7 21. Rad1 Ba4 22. Be4 Rb2 23. Qa3 Bxc2 24. Rd2 Rb1 25. Rxb1 Bxb1 26. Bxb1 Re1+ 27. Kf2 Rxb1 28. g3 Qe5 29. Qd3 Re1 30. f4 Qa1 31. c5 Rg1 32. cxd6 Qe1+ 33. Kf3 Rf1+ 34. Kg2 Rg1+ 35. Kh3 Qe6+ 36. f5 Qxd6 37. Qc3+ Qf6 38. Rd7+ 1-0

[Event "POL-ch U14 Girls"]
[Site "Sekocin Stary"]
[Date "2010.05.04"]
[Round "7"]
[White "Szymczak, Paula"]
[Black "Lascar, Radoslawa"]
[Result "1/2-1/2"]
[WhiteElo "1687"]
[BlackElo "1517"]
[PlyCount "110"]
[EventDate "2010.05.01"]
[EventType "swiss"]
[EventRounds "10"]
[EventCountry "POL"]
[SourceTitle "EXT 2011"]
[Source "ChessBase"]
[SourceDate "2010.11.26"]
[SourceVersion "1"]
[SourceVersionDate "2010.11.26"]
[SourceQuality "1"]

1. e4 c5 2. Nf3 Nc6 3. Bb5 d6 4. d4 cxd4 5. Nxd4 Bd7 6. Nc3 e6 7. 0-0 Be7 8. f4 Qc7 9. Be3 Nf6 10. f5 Nxd4 11. Bxd4 e5 12. Bxd7+ Qxd7 13. Be3 b6 14. Bg5 Rc8 15. Bxf6 Bxf6 16. Nd5 Qc6 17. c3 b5 18. Qg4 a5 19. Rac1 h5 20. Qg3 Rb8 21. b3 a4 22. c4 b4 23. Qe3 axb3 24. axb3 Qc5 25. Qxc5 dxc5 26. Ra1 0-0 27. Ra5 Rfc8 28. Nxf6+ gxf6 29. Ra6 Kg7 30. Rf3 h4 31. Rh3 Rh8 32. Rc6 Rbd8 33. Rxc5 Rd4 34. Re3 Ra8 35. Rd5 Ra1+ 36. Kf2 Rdd1 37. Rxd1 Rxd1 38. Kf3 Rd2 39. h3 Kf8 40. g3 hxg3 41. Kxg3 Kg7 42. Kf3 Kh6 43. Re2 Rd3+ 44. Re3 Rd2 45. Kg4 Rd4 46. Kf3 Rd2 47. Re2 Rd3+ 48. Kf2 Rxb3 49. Rc2 Rxh3 50. Ke2 b3 51. Rc1 b2 52. Rb1 Rc3 53. Rxb2 Rxc4 54. Kd3 Ra4 55. Rb6 Kg7 1/2-1/2

[Event "Liberec op 10th"]
[Site "Liberec"]
[Date "2009.10.31"]
[Round "9"]
[White "Cieslak, Leszek"]
[Black "Szymczak, Paula"]
[Result "1-0"]
[WhiteElo "1972"]
[BlackElo "1646"]
[PlyCount "59"]
[EventDate "2009.10.24"]
[EventType "swiss"]
[EventRounds "9"]
[EventCountry "CZE"]
[SourceTitle "EXT 2010"]
[Source "ChessBase"]
[SourceDate "2010.11.25"]
[SourceVersion "1"]
[SourceVersionDate "2010.11.25"]
[SourceQuality "1"]

1. d4 Nf6 2. Nf3 g6 3. Bf4 Bg7 4. h3 d6 5. e3 Nbd7 6. Be2 0-0 7. c4 Nh5 8. Bh2 f5 9. Ng5 Nb6 10. Nc3 Nf6 11. 0-0 h6 12. Nf3 Ne4 13. Nxe4 fxe4 14. Nd2 d5 15. cxd5 Qxd5 16. Bxc7 Kh8 17. Qb3 Qf5 18. Bg4 Qa5 19. Nxe4 h5 20. Bxc8 Raxc8 21. Bxb6 axb6 22. Qe6 Bf6 23. Nxf6 exf6 24. Rfc1 Rce8 25. Qd7 Qg5 26. Rc7 Qh6 27. Rac1 Rd8 28. Qe6 Rde8 29. Qxb6 Ra8 30. a3 1-0

[Event "Polanica Zdroj op-B 45th"]
[Site "Polanica Zdroj"]
[Date "2009.08.22"]
[Round "5"]
[White "Szymczak, Paula"]
[Black "Dadello, Aleksandra"]
[Result "1-0"]
[WhiteElo "1674"]
[BlackElo "1731"]
[PlyCount "111"]
[EventDate "2009.08.18"]
[EventType "swiss"]
[EventRounds "10"]
[EventCountry "POL"]
[SourceTitle "CBM 131 Extra"]
[Source "ChessBase"]
[SourceDate "2009.09.03"]
[SourceVersion "2"]
[SourceVersionDate "2009.09.16"]
[SourceQuality "1"]

1. e4 e5 2. f4 exf4 3. Bc4 Nf6 4. Nc3 c6 5. d4 d5 6. exd5 Nxd5 7. Bxd5 cxd5 8. Bxf4 Bb4 9. Qd3 0-0 10. Nf3 Re8+ 11. Kf2 Bxc3 12. bxc3 Re4 13. Bg3 Nc6 14. c4 Bf5 15. cxd5 Qxd5 16. c4 Qd7 17. d5 Nd4 18. Qc3 Ne2 19. Qb3 Nxg3 20. hxg3 Rae8 21. Rhe1 Qc7 22. Rxe4 Rxe4 23. Rc1 Qc5+ 24. Kf1 Re3 25. Re1 Rxe1+ 26. Kxe1 Qc7 27. Kf2 b6 28. Qe3 Kf8 29. Qa3+ Qc5+ 30. Qxc5+ bxc5 31. Ne5 f6 32. g4 Bc8 33. Nc6 Ba6 34. Na5 Ke7 35. Ke3 Kd6 36. Ke4 g6 37. Kd3 Kc7 38. Nc6 Bc8 39. Nxa7 Bxg4 40. Nb5+ Kb6 41. Nd6 Bd1 42. Ne8 f5 43. Nf6 h6 44. Nd7+ Ka5 45. Nxc5 Kb6 46. Ne6 g5 47. c5+ Ka7 48. Nd4 f4 49. d6 Ba4 50. c6 Bxc6 51. Nxc6+ Kb6 52. Ne5 h5 53. d7 Kc7 54. a4 g4 55. a5 f3 56. g3 1-0

[Event "Liberec op 09th"]
[Site "Liberec"]
[Date "2008.11.16"]
[Round "2"]
[White "Szymczak, Paula"]
[Black "Milcova, Zuzana"]
[Result "1-0"]
[WhiteElo "1622"]
[BlackElo "1841"]
[PlyCount "107"]
[EventDate "2008.11.15"]
[EventType "swiss"]
[EventRounds "9"]
[EventCountry "CZE"]
[SourceTitle "CBM 127 Extra"]
[Source "ChessBase"]
[SourceDate "2009.01.08"]
[SourceVersion "2"]
[SourceVersionDate "2009.01.28"]
[SourceQuality "1"]

1. e4 d5 2. exd5 Nf6 3. d4 Nxd5 4. Nf3 Bg4 5. c4 Nb6 6. c5 Nd5 7. Qb3 Bc8 8. Bc4 e6 9. 0-0 Be7 10. Re1 0-0 11. Bxd5 exd5 12. Bf4 b6 13. cxb6 axb6 14. Nc3 Be6 15. Rac1 Na6 16. Ne5 Bf6 17. Nb5 c5 18. Qe3 Rc8 19. Na7 Ra8 20. Nb5 Qe8 21. Nc3 c4 22. a3 b5 23. Qf3 Rd8 24. Rcd1 b4 25. axb4 Nxb4 26. Re2 Nc6 27. h3 g6 28. Bh6 Bg7 29. Bxg7 Kxg7 30. Ng4 Bxg4 31. Qxg4 Qd7 32. Qh4 Rg8 33. Qg5 Rde8 34. Qh4 Rb8 35. Qg5 Rbd8 36. Rdd2 Ra8 37. Re3 Ra1+ 38. Kh2 Ra6 39. Rf3 Ne7 40. Qe5+ f6 41. Qe2 Re6 42. Re3 Rxe3 43. Qxe3 Nf5 44. Qe1 Re8 45. Qd1 Qd6+ 46. g3 Qd7 47. Qf3 Rd8 48. g4 Qd6+ 49. Kg1 Nh4 50. Qe3 g5 51. Re2 Rd7 52. Nb5 Qa6 53. Na3 Kf7 54. Qe8+ 1-0